000 00303nam a22001337a 4500
008 171011b xxu||||| |||| 00| 0 eng d
020 _a9780618218547
041 _aeng
080 _22ND
_a316
100 _a50
101 _aSOC
245 _aINTERCULTURAL COMMUNICATION
_cNEULIEP,J.W
942 _2udc
_cBK
999 _c33151
_d33151